Normal view
MARC view
- القانون الدولى الإنساني
Entry Topical Term
001 - CONTROL NUMBER
- control field: 52979
003 - CONTROL NUMBER IDENTIFIER
- control field: JO-AjAnu
005 - DATE AND TIME OF LATEST TRANSACTION
- control field: 20230606082714.0
008 - FIXED-LENGTH DATA ELEMENTS
- fixed length control field: 230606|| aca||aabn | a|a d
040 ## - CATALOGING SOURCE
- Original cataloging agency: JO-AjAnu
- Transcribing agency: JO-AjAnu
150 ## - HEADING--TOPICAL TERM
- Topical term or geographic name entry element: القانون الدولى الإنساني
670 ## - SOURCE DATA FOUND
- Source citation: Work cat.: (JO-AjAnu)27068: إعداد نخبة من المتخصصين والخبراء ؛ تقديم أحمد فتحي سرور, author 52978, القانون الدولى الإنساني : دليل للتطبيق على الصعيد الوطني